Statistics for U2 - With or Without You lyrics

Click here to take the quiz!

General Stats

  • This quiz has been taken 313 times
  • The average score is 29 of 33

Answer Stats

HintAnswer% Correct
With or _________ youWithout
97%
With or _________ youWithout
97%
With or _________ youWithout
97%
With or _________ youWithout
97%
And i wait _________ youWithout
97%
With or _________ youWithout
97%
With or _________ youWithout
97%
With or _________ youWithout
97%
With or _________ youWithout
97%
And you give yourself ______Away
94%
And you give yourself ______Away
94%
And you give yourself ______Away
94%
And you give yourself ______Away
94%
And you give yourself ______Away
94%
And you give yourself ______Away
94%
I _____ for youWait
94%
I can't ______Live
92%
I can't ______Live
92%
And you ______Give
91%
And you ______Give
91%
And you ______Give
91%
And you ______Give
91%
You give it all, but i want ________More
91%
And i'm __________ for youWaiting
84%
Sleight of hand and ______ of fateTwist
83%
Through the storm we reach the ________Shore
82%
Nothing _____ to loseLeft
81%
On a bed of _______ she makes me waitNails
75%
See the ______ in your sideThorn
75%
My hands are ______Tied
74%
Nothing to ______ andWin
70%
See the ______ set in your eyesStone
68%
My body ______, she got me withBruised
55%

Score Distribution

Percentile by Number Answered

Percent of People with Each Score

Your Score History

You have not taken this quiz